000 00236 a2200097 4500
001 41441
100 _aHornby, AS
245 _aThe advanced Learners dictionary englush
260 _aOxford
_bOxford University
_c
090 _c25614
_d25614
942 _aNUST-CAE
_cM
_c17352
999 _c276514
_d276514